| 000 | 00651nam a2200241 i 4500 | ||
|---|---|---|---|
| 001 | bg | ||
| 100 | 1 | _aRADWAŃSKI, Zbigniew | |
| 245 | 1 | 0 |
_aZobowiązania - część ogólna / _cZbigniew Radwański. |
| 260 |
_aWarszawa : _bC.H.Beck, _c1995. |
||
| 300 |
_a312 s. ; _c21 cm. |
||
| 490 | 1 | _aPodręczniki prawnicze | |
| 504 | _aIndeks. | ||
| 650 | 9 |
_aZobowiązania _xprawo _zPolska |
|
| 655 | _aPodręczniki akademickie | ||
| 830 | _aPodręczniki prawnicze | ||
| 020 | _a8371104022 | ||
| 040 | _cBPK | ||
| 041 | 0 | _apl | |
| 080 | _a347.4/.5(438)(075.8) | ||
| 920 | _a83-7110-402-2 | ||
| 942 | _cKS | ||
| 008 | s pl f |000 0 pol | ||
| 999 |
_c30561 _d30561 |
||
| 856 |
_uhttp://koha.tu.koszalin.pl/cgi-bin/koha/opac-detail.pl?biblionumber=30561 _yKatalog online BPK |
||